00630nam a2200157 a 4500008004100000050001300041100001700054245008000071260005100151300001100202350000900213650002400222995009300246999001700339952011600356101028s1992 ||||||||||||||||| || | aZLA(05)J aKakoma, A. K10aLibrary associations: an over looked aspect in the development of libraries aLusakabZambia Library Association (ZLA)c1992 a4-11pp a0.00 aLIBRARIES -- ZAMBIA D0.00FCBU-MAIN LIBRARY (Kitwe)H1I0.00M1UAVAILABLEWOct 28, 2010ZZambiana Collection c49213d49213 00102lcc4070a001b001cZambiana Collectiond2022-11-30l0oZLA(05)JpZ03007281r2022-11-30w2022-11-30y002